| 000 | 00399nam a2200145Ia 4500 | ||
|---|---|---|---|
| 008 | 230312s9999||||xx |||||||||||||| ||und|| | ||
| 020 | _a9780071485517 | ||
| 082 |
_a620.001 _bMCM-M |
||
| 100 | _aPhillips,Joseph | ||
| 245 | 0 | _aPgMP program management professional exam guide | |
| 260 |
_bMcgraw _aUSA _c2007 |
||
| 300 | _a326 | ||
| 650 |
_aComputer _vNumerical analysis Data processing |
||
| 942 | _cBK | ||
| 999 |
_c17619 _d17619 |
||